[Event "SVM_Regionalliga_2023-24"]
[Site "?"]
[Date "2023.12.10"]
[Round "5.5"]
[White "Deider, Kevin"]
[Black "Büttner, Ulrich"]
[Result "1-0"]
[WhiteElo "1932"]
[BlackElo "1808"]
[PlyCount "117"]
[EventDate "2023.12.10"]
[WhiteTeam "DJK Aufwärts Aachen 1"]
[BlackTeam "Langenfelder SF 2"]

1. e4 e5 2. Nf3 Nc6 3. Bc4 Nf6 4. d4 exd4 5. e5 d5 6. Bb5 Ne4 7. Nxd4 Bd7 8.
Bxc6 bxc6 9. O-O Bc5 10. f3 Ng5 11. f4 Ne4 12. Be3 Bb6 13. a4 a5 14. Nc3 Nxc3
15. bxc3 Qe7 16. Qf3 Bxd4 17. cxd4 Bf5 18. Bc1 Kd7 19. Ba3 Qe6 20. Qc3 Rhb8 21.
Rab1 Rb6 22. Bc5 Rbb8 23. Rb3 Qg6 24. Rfb1 Rxb3 25. Rxb3 Bxc2 26. Rb7 Qd3 27.
Qxd3 Bxd3 28. Bb6 Rc8 29. Bxa5 Bc2 30. Ra7 Bxa4 31. Bxc7 Rxc7 32. Rxa4 c5 33.
dxc5 Rxc5 34. f5 Rc2 35. Ra7+ Ke8 36. e6 fxe6 37. fxe6 Re2 38. Rxg7 Rxe6 39.
Rxh7 Re2 40. Rh3 Ke7 41. Rf3 Ke6 42. Kf1 Rd2 43. Rf2 Rd4 44. Ke2 Ke5 45. g3
Re4+ 46. Kd3 Rd4+ 47. Ke3 Re4+ 48. Kf3 Kf5 49. h3 Re1 50. g4+ Kg5 51. Kg3 d4
52. Rf5+ Kg6 53. Kf2 Rh1 54. Rf3 Kg5 55. Rd3 Kh4 56. Kg2 Re1 57. Rxd4 Re2+ 58.
Kf3 Rh2 59. Rd5 1-0

[Event "SVM_Regionalliga_2023-24"]
[Site "?"]
[Date "2023.12.10"]
[Round "5.8"]
[White "Ipekyilmaz, Tayfun"]
[Black "Hepting, Frank"]
[Result "1/2-1/2"]
[WhiteElo "1674"]
[BlackElo "1705"]
[PlyCount "40"]
[EventDate "2023.12.10"]
[WhiteTeam "Langenfelder SF 2"]
[BlackTeam "DJK Aufwärts Aachen 1"]

1. e4 c6 2. d4 d5 3. exd5 cxd5 4. c4 Nf6 5. Nc3 Nc6 6. c5 Bg4 7. Be2 Bxe2 8.
Ngxe2 e5 9. dxe5 Nxe5 10. Be3 Be7 11. Qa4+ Nc6 12. Nd4 O-O 13. Rd1 Qc8 14. Nxc6
bxc6 15. O-O Qb7 16. Bd4 Nd7 17. Nxd5 Bxc5 18. Ne3 Bxd4 19. Qxd4 Nf6 20. b3 Qb6
{(=)} 1/2-1/2

[Event "SVM_Regionalliga_2023-24"]
[Site "?"]
[Date "2023.12.10"]
[Round "5.1"]
[White "Riemland, Arnold"]
[Black "Schreyer, Oliver"]
[Result "1-0"]
[WhiteElo "2161"]
[BlackElo "2039"]
[PlyCount "103"]
[EventDate "2023.12.10"]
[WhiteTeam "SG Kalker/Deutzer 1"]
[BlackTeam "SV Herzogenrath 1"]

1. d4 Nf6 2. Bf4 d5 3. e3 Bf5 4. Nf3 e6 5. Bd3 Bxd3 6. Qxd3 c6 7. Nbd2 Bd6 8.
Bg3 Bxg3 9. hxg3 Nbd7 10. Ne5 h6 11. Ndf3 Nxe5 12. Nxe5 Ne4 13. Qa3 Qd6 14.
Qxd6 Nxd6 {(=)} 15. g4 f6 16. Ng6 Rg8 17. Nf4 Kf7 18. Nd3 Rge8 19. Rh5 Re7 20.
Ke2 Rae8 21. Rah1 Ne4 22. R1h3 b6 23. f4 c5 24. c3 c4 25. Nf2 Nxf2 26. Kxf2 b5
27. e4 Rd7 28. e5 fxe5 29. Rxe5 Rb8 30. a3 a5 31. f5 exf5 32. Rxf5+ Kg8 33. Re3
b4 34. axb4 axb4 35. Kf3 bxc3 36. bxc3 Rb6 37. g5 hxg5 38. Kg4 Rf6 39. Rxf6
gxf6 40. Kf5 Kg7 41. Ke6 Rd8 42. Rf3 Re8+ 43. Kxd5 Re2 44. g3 f5 45. Rxf5 Re3
46. Kxc4 Rxg3 47. d5 Kg6 48. Rf1 g4 49. d6 Rf3 50. Rxf3 gxf3 51. Kd3 Kf6 52. c4
1-0

[Event "SVM_Regionalliga_2023-24"]
[Site "?"]
[Date "2023.12.10"]
[Round "5.2"]
[White "Andok, Claus"]
[Black "Lunnebach, Oliver"]
[Result "1-0"]
[WhiteElo "2026"]
[BlackElo "2149"]
[PlyCount "89"]
[EventDate "2023.12.10"]
[WhiteTeam "SV Herzogenrath 1"]
[BlackTeam "SG Kalker/Deutzer 1"]

1. c4 c5 2. Nc3 Nf6 3. g3 d5 4. cxd5 Nxd5 5. Bg2 Nc7 6. Nf3 Nc6 7. O-O e5 8. d3
Be7 9. Be3 Bd7 10. Qb3 O-O 11. Nd5 Nxd5 12. Qxd5 Qc7 13. Qc4 b6 14. Qc3 Rac8
15. Rfc1 Qd6 16. Nd2 f6 17. Ne4 Qe6 18. Qc4 {(=)} Kh8 19. Nc3 Bd6 20. Rab1 Qe8
21. Qh4 f5 22. Nd5 Qf7 23. f4 Be6 24. fxe5 Nxe5 25. Nf4 Ng4 26. Bd2 Bxf4 27.
gxf4 Bxa2 28. Ra1 Be6 29. h3 Nf6 30. Bc3 Nd5 31. Bxd5 Bxd5 32. Kh2 Rc7 33. Be5
Re7 34. Rg1 Rg8 35. Rg5 Rxe5 36. fxe5 h6 37. Rf1 Qe7 38. Rfxf5 Be6 39. Rf6 gxf6
40. Qxh6+ Qh7 41. Qxf6+ Rg7 42. Rxg7 Qxh3+ 43. Kg1 Qe3+ 44. Kf1 Bh3+ 45. Rg2+
1-0

[Event "SVM_Regionalliga_2023-24"]
[Site "?"]
[Date "2023.12.10"]
[Round "5.3"]
[White "Gerdau, Andreas"]
[Black "Zappel, Marius"]
[Result "0-1"]
[WhiteElo "1896"]
[BlackElo "2055"]
[PlyCount "101"]
[EventDate "2023.12.10"]
[WhiteTeam "SG Kalker/Deutzer 1"]
[BlackTeam "SV Herzogenrath 1"]

1. e4 c5 2. c3 d5 3. exd5 Qxd5 4. d4 Nc6 5. Nf3 Bg4 6. Be2 cxd4 7. cxd4 e6 8.
O-O Nf6 9. h3 Bh5 10. Bf4 Be7 11. Nc3 Qa5 12. a3 O-O 13. b4 Qf5 14. Qd2 Ne4 15.
Nxe4 Qxe4 16. b5 Nb8 17. Bd3 Qd5 18. Ne5 Rd8 19. Be3 Nd7 20. Qc2 Nxe5 21. Bxh7+
Kh8 22. Be4 Bg6 23. f3 Nd7 24. Bxg6 fxg6 25. Qxg6 Qf5 26. Qg3 Nf6 27. Rfe1 Bd6
28. Qh4+ Qh7 29. Qg5 Rac8 30. Bf2 Qf5 31. Qh4+ Kg8 32. a4 g5 33. Qh6 Bf8 34. g4
Bxh6 35. gxf5 exf5 36. Re7 Rd7 37. Rae1 Rcc7 38. R7e5 Rd5 39. Re6 Kf7 40. h4 f4
41. b6 axb6 42. Rxb6 gxh4 43. Bxh4 Bg5 44. Bf2 Nd7 45. Rb2 b6 46. Re4 Rc4 47.
Ra2 Kf6 48. Re8 Kf5 49. Ra8 Ra5 50. Rxa5+ bxa5 51. Kf1 0-1

[Event "SVM_Regionalliga_2023-24"]
[Site "?"]
[Date "2023.12.10"]
[Round "5.4"]
[White "Horbach, Fabian"]
[Black "Schwark, Mario"]
[Result "0-1"]
[WhiteElo "1956"]
[BlackElo "1847"]
[PlyCount "80"]
[EventDate "2023.12.10"]
[WhiteTeam "SV Herzogenrath 1"]
[BlackTeam "SG Kalker/Deutzer 1"]

1. d4 Nf6 2. Nf3 g6 3. c4 Bg7 4. Nc3 d6 5. e4 O-O 6. Be2 e5 7. O-O Nc6 8. d5
Ne7 9. Ne1 Ne8 10. b4 a5 11. bxa5 Rxa5 12. a4 f5 13. f3 h6 14. Ba3 f4 15. Nd3
g5 16. Bb4 Ra8 17. c5 Ng6 18. Nf2 Rf7 19. Qb3 Bf8 20. c6 b6 21. a5 b5 22. a6 h5
23. Ra5 Nf6 24. h3 Nh4 25. a7 Rg7 26. Qd1 g4 27. fxg4 hxg4 28. Nxg4 Nxg4 29.
hxg4 Qg5 30. Nxb5 f3 31. Bd2 Qxg4 32. Bxf3 Qh3 33. Rf2 Qg3 34. Bh6 Rh7 35. Bxf8
Bh3 36. Bxd6 cxd6 37. Kf1 Rf7 38. Ke2 Bxg2 39. Qg1 Bxf3+ 40. Kf1 Be2+ 0-1

[Event "SVM_Regionalliga_2023-24"]
[Site "?"]
[Date "2023.12.10"]
[Round "5.5"]
[White "Arlt, Klaus"]
[Black "Haverkamp, Klaus"]
[Result "0-1"]
[WhiteElo "1921"]
[BlackElo "1872"]
[PlyCount "98"]
[EventDate "2023.12.10"]
[WhiteTeam "SG Kalker/Deutzer 1"]
[BlackTeam "SV Herzogenrath 1"]

1. d4 d5 2. Nf3 Nf6 3. c4 e6 4. e3 c5 5. Nc3 Nc6 6. a3 cxd4 7. exd4 a6 8. Bd3
dxc4 9. Bxc4 Be7 10. O-O O-O 11. Bd3 b6 12. Bc2 Bb7 13. Qd3 g6 14. Bg5 Nd5 15.
h4 Bxg5 16. hxg5 Nf4 17. Qd2 e5 18. Rad1 Nxd4 19. Nxd4 Qxg5 20. f3 Rad8 21. Be4
exd4 22. Na4 Bxe4 23. fxe4 Nh3+ 24. Kh2 Qxd2 25. Rxd2 Ng5 26. Re1 Rfe8 27. e5
f6 28. e6 Rd6 29. e7 Kf7 30. Red1 Ne6 31. Nc3 Rxe7 32. Ne4 Rd8 33. Rf2 f5 34.
g4 Ng7 35. Ng3 Re5 36. Rc1 Ke6 37. Rc6+ Rd6 38. Rc7 d3 39. Nf1 Ne8 40. Rxh7 Re2
41. Kg1 Rxf2 42. Kxf2 d2 43. Ne3 d1=N+ 44. Ke2 Nxe3 45. Kxe3 fxg4 46. b4 Nf6
47. Rg7 Kf5 48. Ra7 b5 49. Rc7 Nd5+ 0-1

[Event "SVM_Regionalliga_2023-24"]
[Site "?"]
[Date "2023.12.10"]
[Round "5.6"]
[White "Arns, Danny"]
[Black "Tbaila, Ralph"]
[Result "1-0"]
[WhiteElo "1904"]
[BlackElo "1855"]
[PlyCount "45"]
[EventDate "2023.12.10"]
[WhiteTeam "SV Herzogenrath 1"]
[BlackTeam "SG Kalker/Deutzer 1"]

1. e4 e5 2. Nf3 Nc6 3. Bc4 Bc5 4. c3 d6 5. O-O Nf6 6. d3 h6 7. Nbd2 O-O 8. Re1
Ng4 9. Re2 Bb6 10. Nf1 Na5 11. Bb3 Nxb3 12. Qxb3 Be6 13. Qc2 f5 14. h3 fxe4 15.
dxe4 Nxf2 16. Rxf2 Rxf3 17. gxf3 Bxh3 18. Be3 Bxe3 19. Nxe3 Qh4 20. Qb3+ Kh7
21. Qf7 Rd8 22. Nf5 Qg5+ 23. Kh2 1-0

[Event "SVM_Regionalliga_2023-24"]
[Site "?"]
[Date "2023.12.10"]
[Round "5.7"]
[White "Goßmann, Jochen"]
[Black "Weyer, Hans-Jürgen"]
[Result "0-1"]
[WhiteElo "1808"]
[BlackElo "1780"]
[PlyCount "84"]
[EventDate "2023.12.10"]
[WhiteTeam "SG Kalker/Deutzer 1"]
[BlackTeam "SV Herzogenrath 1"]

1. e4 e6 2. d4 d5 3. Nc3 Bb4 4. e5 c5 5. a3 Bxc3+ 6. bxc3 Qc7 7. Nf3 Nc6 8. Be3
cxd4 9. cxd4 Na5 10. Bb5+ Bd7 11. Bxd7+ Qxd7 12. Bd2 Nc4 13. O-O Nxd2 14. Nxd2
Ne7 15. Qg4 O-O 16. c4 dxc4 17. Ne4 Kh8 18. Rfd1 Rad8 19. Nd6 b5 20. a4 a6 21.
axb5 axb5 22. Ra5 Rb8 23. Rda1 Nc8 24. Nxc8 Qxc8 25. Rb1 Qc6 26. Qf3 Qd7 27.
Qc3 Rfd8 28. Rd1 Qc7 29. Qb4 Qxe5 30. Qxc4 bxc4 31. Rxe5 Rxd4 32. Rc1 g6 33.
Kf1 Rc8 34. Re3 Kg7 35. g3 Kf6 36. f4 Rc5 37. Kf2 e5 38. fxe5+ Rxe5 39. Rf3+
Rf5 40. Rxf5+ Kxf5 41. Ke3 Ke5 42. Rc3 f5 0-1

[Event "SVM_Regionalliga_2023-24"]
[Site "?"]
[Date "2023.12.10"]
[Round "5.8"]
[White "Boxberg, Marc"]
[Black "Bill, Oliver"]
[Result "0-1"]
[WhiteElo "1698"]
[BlackElo "1688"]
[PlyCount "32"]
[EventDate "2023.12.10"]
[WhiteTeam "SV Herzogenrath 1"]
[BlackTeam "SG Kalker/Deutzer 1"]

1. e4 e5 2. Nf3 Nc6 3. d4 exd4 4. c3 dxc3 5. Bc4 Nf6 6. e5 d5 7. Bb3 cxb2 8.
Bxb2 Bb4+ 9. Kf1 Ne4 10. Qxd5 Qxd5 11. Bxd5 Nc5 12. a3 Ba5 13. e6 Nxe6 14. Bxe6
Bxe6 15. Bxg7 O-O-O 16. Bxh8 Bc4+ 0-1

[Event "SVM_Regionalliga_2023-24"]
[Site "?"]
[Date "2023.12.10"]
[Round "5.1"]
[White "Pieper, Dawid"]
[Black "Schwarz, Andreas"]
[Result "1/2-1/2"]
[WhiteElo "2152"]
[BlackElo "2138"]
[PlyCount "70"]
[EventDate "2023.12.10"]
[WhiteTeam "Bergische SF 1"]
[BlackTeam "SK Troisdorf 1"]

1. e4 c6 2. d4 d5 3. e5 Bf5 4. h4 h5 5. Bd3 Bxd3 6. Qxd3 Qa5+ 7. Nd2 e6 8. Ngf3
Qa6 9. c4 Nh6 10. O-O Nf5 11. Qc3 Nd7 12. a3 Be7 13. g3 dxc4 14. Nxc4 Nb6 15.
b3 Rd8 16. a4 Nxc4 17. bxc4 c5 18. dxc5 Bxc5 19. Bg5 Nxg3 20. Qb2 Nxf1 21. Bxd8
O-O 22. Qb5 Qxb5 23. cxb5 Rxd8 24. Kxf1 Rd3 25. Ke2 Rb3 26. Rd1 Rb2+ 27. Rd2
Rxd2+ 28. Nxd2 Be7 29. Nc4 Kf8 30. Na5 Ke8 31. Nxb7 Kd7 32. Na5 Kc7 33. Nc6
Bxh4 34. Nxa7 Be7 35. Nc6 Bc5 {(=)} 1/2-1/2

[Event "SVM_Regionalliga_2023-24"]
[Site "?"]
[Date "2023.12.10"]
[Round "5.2"]
[White "Fuß, Jean-Pierre"]
[Black "Bosbach, Stefan"]
[Result "1/2-1/2"]
[WhiteElo "1988"]
[BlackElo "2010"]
[PlyCount "46"]
[EventDate "2023.12.10"]
[WhiteTeam "SK Troisdorf 1"]
[BlackTeam "Bergische SF 1"]

1. d4 Nf6 2. Nf3 g6 3. g3 Bg7 4. Bg2 O-O 5. O-O d6 6. a4 Nbd7 7. Nc3 c6 8. e4
e5 9. dxe5 Nxe5 10. Nxe5 dxe5 11. Qe2 Be6 12. Be3 Qc8 13. Rfd1 b6 14. f3 Rd8
15. Rxd8+ Qxd8 16. Bf1 Nd7 17. b3 Qe7 18. Rd1 f6 19. Qd2 Bf8 20. Bc4 Bxc4 21.
Qxd7 Be6 22. Qxe7 Bxe7 23. Kf2 Rd8 {(=)} 1/2-1/2

[Event "SVM_Regionalliga_2023-24"]
[Site "?"]
[Date "2023.12.10"]
[Round "5.3"]
[White "Gelsok, Philipp"]
[Black "Keßler, Ulrich"]
[Result "1-0"]
[WhiteElo "2043"]
[BlackElo "1944"]
[PlyCount "51"]
[EventDate "2023.12.10"]
[WhiteTeam "Bergische SF 1"]
[BlackTeam "SK Troisdorf 1"]

1. e4 c5 2. Nf3 Nc6 3. d4 cxd4 4. Nxd4 e5 5. Nb5 d6 6. N1c3 a6 7. Na3 Be7 8.
Nc4 b5 9. Ne3 Nf6 10. Bd3 Nb4 11. Be2 Be6 12. a3 Nc6 13. O-O Nd4 14. Bd3 Nd7
15. a4 b4 16. Ncd5 a5 17. c3 bxc3 18. bxc3 Nc6 19. Ba3 O-O 20. Bb5 Rc8 21.
Nxe7+ Nxe7 22. Qxd6 Ng6 23. Qd2 Re8 24. Rfd1 Rc7 25. c4 Qc8 26. Qxa5 1-0

[Event "SVM_Regionalliga_2023-24"]
[Site "?"]
[Date "2023.12.10"]
[Round "5.4"]
[White "Both, David"]
[Black "Harringer, Manfred"]
[Result "1/2-1/2"]
[WhiteElo "1933"]
[BlackElo "2002"]
[PlyCount "61"]
[EventDate "2023.12.10"]
[WhiteTeam "SK Troisdorf 1"]
[BlackTeam "Bergische SF 1"]

1. c4 Nf6 2. g3 e6 3. Nf3 d5 4. d4 Be7 5. Bg2 O-O 6. Qc2 c5 7. dxc5 Bxc5 8.
cxd5 Bb4+ 9. Nbd2 exd5 10. O-O Nc6 11. Nb3 Be6 12. Be3 Rc8 13. Qd3 Ne4 14. Rfd1
Be7 15. Nbd4 Bf6 16. Rac1 Qe7 17. Nxc6 Rxc6 18. Nd4 Rxc1 19. Rxc1 Rc8 20. Nxe6
Rxc1+ 21. Bxc1 Qxe6 22. Qb5 Qc6 23. Qxc6 bxc6 24. Bxe4 dxe4 25. b3 Kf8 26. Be3
a6 27. f3 exf3 28. exf3 Ke7 29. Kf2 Kd6 30. Ke2 Kd5 31. Kd3 {(=)} 1/2-1/2

[Event "SVM_Regionalliga_2023-24"]
[Site "?"]
[Date "2023.12.10"]
[Round "5.5"]
[White "Weiser, Hans-Josef"]
[Black "Möws, Thomas"]
[Result "1/2-1/2"]
[WhiteElo "1976"]
[BlackElo "1759"]
[PlyCount "39"]
[EventDate "2023.12.10"]
[WhiteTeam "Bergische SF 1"]
[BlackTeam "SK Troisdorf 1"]

1. d4 d5 2. Nf3 c5 3. e3 Nc6 4. b3 cxd4 5. exd4 Bf5 6. Be2 e6 7. O-O h6 8. Bb2
Nf6 9. Nbd2 Bd6 10. Ne5 Qc7 11. Ndf3 O-O 12. c4 Be4 13. h3 Rad8 14. Nxc6 Qxc6
15. c5 Bb8 16. b4 Qc7 17. g3 h5 18. Bc1 Qe7 19. Bg5 e5 20. Rc1 {(=)} 1/2-1/2

[Event "SVM_Regionalliga_2023-24"]
[Site "?"]
[Date "2023.12.10"]
[Round "5.6"]
[White "Bartl, Dirk"]
[Black "Thelen, Harm-Wulf"]
[Result "1-0"]
[WhiteElo "1763"]
[BlackElo "1960"]
[PlyCount "57"]
[EventDate "2023.12.10"]
[WhiteTeam "SK Troisdorf 1"]
[BlackTeam "Bergische SF 1"]

1. e4 e6 2. Qe2 Be7 3. Nf3 d5 4. d3 c5 5. g3 Nc6 6. Bg2 Nf6 7. O-O O-O 8. e5
Nd7 9. c4 d4 10. Na3 a6 11. Nc2 Rb8 12. h4 b5 13. Na3 b4 14. Nb1 Re8 15. Bf4
Rb6 16. Nbd2 f6 17. exf6 Nxf6 18. Ne5 Nxe5 19. Bxe5 Bb7 20. Bxb7 Rxb7 21. Bxf6
Bxf6 22. Ne4 Rc7 23. Qg4 Kh8 24. Rfe1 Qc8 25. Nd6 Qd8 26. Nxe8 Qxe8 27. Rxe6
Qf7 28. Rae1 h5 29. Qf5 1-0

[Event "SVM_Regionalliga_2023-24"]
[Site "?"]
[Date "2023.12.10"]
[Round "5.7"]
[White "Gutt, Oswald"]
[Black "Sejdini, Valentin"]
[Result "1-0"]
[WhiteElo "1799"]
[BlackElo "1742"]
[PlyCount "79"]
[EventDate "2023.12.10"]
[WhiteTeam "Bergische SF 1"]
[BlackTeam "SK Troisdorf 1"]

1. Nf3 g6 2. e4 d6 3. d4 Bg7 4. Nc3 Nd7 5. Be2 c5 6. O-O cxd4 7. Nxd4 Ngf6 8.
Be3 O-O 9. Nb3 b6 10. Qd2 Bb7 11. f3 Qc8 12. a4 Ne5 13. a5 bxa5 14. Nxa5 Ba6
15. Nc6 Qxc6 16. Rxa6 Qb7 17. Rfa1 Rfc8 18. R1a2 Nc4 19. Bxc4 Rxc4 20. e5 Ne8
21. Rxa7 Rxa7 22. Rxa7 Qxb2 23. Ra8 Kf8 24. exd6 Qb7 25. dxe7+ Qxe7 26. Ne4 Rc6
27. Qd5 Qe6 28. Bc5+ Rxc5 29. Qxc5+ Kg8 30. Kf1 Be5 31. Qc8 Kf8 32. Qxe6 fxe6
33. g3 Ke7 34. Ra7+ Nc7 35. f4 Bd6 36. Ke2 Kd7 37. Nf6+ Kc6 38. Nxh7 e5 39.
fxe5 Bxe5 40. Nf8 1-0

[Event "SVM_Regionalliga_2023-24"]
[Site "?"]
[Date "2023.12.10"]
[Round "5.8"]
[White "Kinnert, Dieter"]
[Black "Eilers, Jochen"]
[Result "1-0"]
[WhiteElo "1714"]
[BlackElo "1899"]
[PlyCount "53"]
[EventDate "2023.12.10"]
[WhiteTeam "SK Troisdorf 1"]
[BlackTeam "Bergische SF 1"]

1. e4 c5 2. a3 g6 3. h4 Nc6 4. h5 Nf6 5. hxg6 fxg6 6. Nc3 d6 7. Bc4 e6 8. d3 d5
9. exd5 exd5 10. Qe2+ Be7 11. Bg5 dxc4 12. Bxf6 cxd3 13. Bxe7 Qxe7 14. cxd3 O-O
15. Qxe7 Nxe7 16. Ne4 b6 17. f3 Ba6 18. O-O-O Rad8 19. Ng5 Rf5 20. Nxh7 Kg7 21.
Re1 Rd7 22. f4 Rfd5 23. g4 Bxd3 24. Ng5 Kg8 25. N1f3 c4 26. Rh7 Rxg5 27. Nxg5
1-0

[Event "SVM_Regionalliga_2023-24"]
[Site "?"]
[Date "2023.12.10"]
[Round "5.1"]
[White "Klemenz, Luca"]
[Black "Borriss, Martin"]
[Result "0-1"]
[WhiteElo "2061"]
[BlackElo "2391"]
[PlyCount "82"]
[EventDate "2023.12.10"]
[WhiteTeam "Klub Kölner SF 3"]
[BlackTeam "SG Siebengebirge 1"]

1. e4 c5 2. Nf3 Nc6 3. d4 cxd4 4. Nxd4 Qb6 5. Nb3 Nf6 6. Nc3 e6 7. Be3 Qc7 8.
f4 d6 9. Qe2 a6 10. g4 h6 11. Bg2 Be7 12. O-O-O b5 13. h4 h5 14. g5 Ng4 15. Bg1
Bb7 16. Bf3 Na5 17. Kb1 Nc4 18. Rh3 Rc8 19. Rd3 b4 20. Nd1 a5 21. Nd4 Ba6 22.
e5 dxe5 23. Bc6+ Kf8 24. Bb5 Qb7 25. Bxa6 Qxa6 26. fxe5 g6 27. Nf3 Kg7 28. Bd4
Rhd8 29. Qe4 Rd5 30. Rh1 Bc5 31. Re1 Bxd4 32. Rxd4 Rcc5 33. Rxd5 Rxd5 34. Qf4
Qb5 35. Nd4 Qd7 36. c3 bxc3 37. bxc3 Ncxe5 38. Rf1 Nc4 39. Qc1 e5 40. Nf3 Rd3
41. Ne1 Rxd1 0-1

[Event "SVM_Regionalliga_2023-24"]
[Site "?"]
[Date "2023.12.10"]
[Round "5.2"]
[White "Richter, Dirk"]
[Black "Meyer, Emil"]
[Result "1-0"]
[WhiteElo "2052"]
[BlackElo "2022"]
[PlyCount "137"]
[EventDate "2023.12.10"]
[WhiteTeam "SG Siebengebirge 1"]
[BlackTeam "Klub Kölner SF 3"]

1. c4 e5 2. Nc3 Nf6 3. a3 Nc6 4. g3 d5 5. cxd5 Nxd5 6. Bg2 Nb6 7. Nf3 Be7 8. b4
Be6 9. d3 O-O 10. O-O a5 11. b5 Nd4 12. Bb2 f6 13. Nd2 c6 14. bxc6 Nxc6 15. Na4
Nxa4 16. Qxa4 Rb8 17. Rfc1 Bd5 18. Qb5 Bxg2 19. Kxg2 Na7 20. Qc4+ Kh8 21. a4 b5
22. axb5 Nxb5 23. Bc3 Nxc3 24. Rxc3 Bb4 25. Rc2 Qd7 26. Qe4 f5 27. Qf3 e4 28.
dxe4 fxe4 29. Qe3 Rb5 30. Nxe4 Rh5 31. h4 Qg4 32. f3 Qg6 33. Kh2 Be7 34. Kh3
Qe6+ 35. Kg2 Re5 36. Rac1 h6 37. Rc6 Qf7 38. Rc7 Qd5 39. Qd3 Qxd3 40. exd3 Rd8
41. Rc8 Red5 42. Rxd8+ Rxd8 43. Ra1 Bb4 44. Nf2 Kg8 45. Kf1 Kf7 46. Ke2 Ke6 47.
Ne4 Kd5 48. Ke3 Kc6 49. Rb1 Rd7 50. f4 Rb7 51. d4 a4 52. Kd3 a3 53. Kc4 Ra7 54.
d5+ Kd7 55. Rxb4 a2 56. Nc5+ Kc7 57. Nb3 a1=Q 58. Nxa1 Rxa1 59. Kc5 Rc1+ 60.
Rc4 Rg1 61. Rc3 Rd1 62. Ra3 Rc1+ 63. Kd4 Rd1+ 64. Ke5 Re1+ 65. Kf5 Kd6 66. Ra7
g5 67. hxg5 hxg5 68. Kxg5 Kxd5 69. Kf5 1-0

[Event "SVM_Regionalliga_2023-24"]
[Site "?"]
[Date "2023.12.10"]
[Round "5.3"]
[White "Pragua, Christoph"]
[Black "Borriss, Benjamin"]
[Result "0-1"]
[WhiteElo "1989"]
[BlackElo "1881"]
[PlyCount "80"]
[EventDate "2023.12.10"]
[WhiteTeam "Klub Kölner SF 3"]
[BlackTeam "SG Siebengebirge 1"]

1. c4 Nf6 2. Nc3 e6 3. Nf3 d5 4. d4 Be7 5. Bg5 O-O 6. e3 Nbd7 7. Qc2 c6 8. a3
h6 9. Bh4 Nh5 10. Bxe7 Qxe7 11. Rd1 a6 12. h3 b5 13. cxb5 axb5 14. Na2 Bb7 15.
Be2 Nhf6 16. O-O Rfc8 17. Rc1 Ne4 18. Nb4 c5 19. dxc5 Rxc5 20. Qb1 Rac8 21.
Rxc5 Qxc5 22. Bd3 Nb6 23. Bxe4 dxe4 24. Nd2 f5 25. Nb3 Qe5 26. Rc1 Nc4 27. Nd4
f4 28. b3 fxe3 29. fxe3 Nxe3 30. Rxc8+ Bxc8 31. Nbc6 Qg3 32. Qb2 Qe1+ 33. Kh2
Nf1+ 34. Kg1 Ng3+ 35. Kh2 h5 36. Nc2 Nf1+ 37. Kg1 Qd1 38. Qd4 Nd2+ 39. Kf2 Qxc2
40. Ne7+ Kf7 0-1

[Event "SVM_Regionalliga_2023-24"]
[Site "?"]
[Date "2023.12.10"]
[Round "5.4"]
[White "Wambach, Patrick"]
[Black "Röttgen, Jürgen"]
[Result "1/2-1/2"]
[WhiteElo "1961"]
[BlackElo "1953"]
[PlyCount "92"]
[EventDate "2023.12.10"]
[WhiteTeam "SG Siebengebirge 1"]
[BlackTeam "Klub Kölner SF 3"]

1. Nf3 Nf6 2. g3 b5 3. Bg2 Bb7 4. O-O c5 5. d3 e6 6. a4 a6 7. Na3 b4 8. Nc4 d5
9. Nce5 Be7 10. c4 bxc3 11. bxc3 Nfd7 12. Rb1 Qc8 13. Qb3 Bc6 14. Nxc6 Nxc6 15.
Bd2 c4 16. dxc4 Na5 17. Qa2 Nxc4 18. Nd4 Nc5 19. Rfd1 O-O 20. Be1 Qc7 21. Nc6
Bf6 22. Nd4 Rab8 23. Rb4 g6 24. Rdb1 Nd6 25. a5 Nce4 26. Bxe4 Nxe4 27. Rxb8
Rxb8 28. Rxb8+ Qxb8 29. f3 Nd6 30. Bf2 Qc7 31. Be1 Nc4 32. Nb3 Qc6 33. Nd4 Qc5
34. Bf2 Qxa5 35. Qb3 Qa1+ 36. Kg2 Nd2 37. Qb8+ Kg7 38. Nxe6+ fxe6 39. Qc7+ Kg8
40. Qb8+ Kg7 41. Qc7+ Kg8 42. Qb8+ Kf7 43. Qc7+ Ke8 44. Qc6+ Kf7 45. Qc7+ Be7
46. Qf4+ Bf6 {(=)} 1/2-1/2

[Event "SVM_Regionalliga_2023-24"]
[Site "?"]
[Date "2023.12.10"]
[Round "5.5"]
[White "Graf, Peter"]
[Black "Schild, Willi"]
[Result "1-0"]
[WhiteElo "1909"]
[BlackElo "1857"]
[PlyCount "83"]
[EventDate "2023.12.10"]
[WhiteTeam "Klub Kölner SF 3"]
[BlackTeam "SG Siebengebirge 1"]

1. e4 d5 2. exd5 Qxd5 3. Nc3 Qd6 4. d4 Nf6 5. Bc4 c6 6. Nge2 Be6 7. Bd3 g6 8.
Bf4 Qd8 9. Qd2 h6 10. O-O Bg7 11. Be3 Nd5 12. Nxd5 cxd5 13. f4 Bf5 14. Ng3 Bxd3
15. Qxd3 e6 16. Rae1 f5 17. Bc1 Kf7 18. Rf3 Re8 19. c3 Nd7 20. Qb5 Qc7 21. Rfe3
Nf6 22. Qe2 Ne4 23. Nxe4 dxe4 24. g4 Bf6 25. Rh3 Rh8 26. Be3 a6 27. Kh1 b5 28.
Rg1 Rag8 29. gxf5 exf5 30. Qc2 h5 31. Qb3+ Qc4 32. Qa3 Ra8 33. Rhg3 Rhg8 34.
Qd6 Qxa2 35. d5 Rae8 36. Bc5 g5 37. Qd7+ Kg6 38. Rxg5+ Bxg5 39. Rxg5+ Kh6 40.
Qd6+ Kh7 41. Rxh5+ Kg7 42. Bd4+ 1-0

[Event "SVM_Regionalliga_2023-24"]
[Site "?"]
[Date "2023.12.10"]
[Round "5.6"]
[White "Fast, Hartmut"]
[Black "Richter, Götz"]
[Result "0-1"]
[WhiteElo "1863"]
[BlackElo "1896"]
[PlyCount "62"]
[EventDate "2023.12.10"]
[WhiteTeam "SG Siebengebirge 1"]
[BlackTeam "Klub Kölner SF 3"]

1. e4 c5 2. Nf3 d6 3. d4 cxd4 4. Nxd4 Nf6 5. Nc3 Nc6 6. h3 e5 7. Nf3 Be7 8. Bc4
Be6 9. Qe2 Rc8 10. Bxe6 fxe6 11. O-O O-O 12. Rd1 a6 13. Be3 Qc7 14. Qc4 Nd4 15.
Qxc7 Nxf3+ 16. gxf3 Rxc7 17. f4 exf4 18. Bxf4 Nxe4 19. Nxe4 Rxf4 20. Nxd6 Rxc2
21. Nxb7 Rfxf2 22. Rd7 Bh4 23. Rad1 Rg2+ 24. Kh1 Rh2+ 25. Kg1 Rcg2+ 26. Kf1
Rxb2 27. Kg1 Bg5 28. R7d3 Rhe2 29. Nd6 Be3+ 30. Rxe3 Rxe3 31. Nc4 Rg3+ 0-1

[Event "SVM_Regionalliga_2023-24"]
[Site "?"]
[Date "2023.12.10"]
[Round "5.7"]
[White "Georgi, Thomas"]
[Black "Borriss, Claudia"]
[Result "0-1"]
[WhiteElo "1857"]
[BlackElo "1950"]
[PlyCount "108"]
[EventDate "2023.12.10"]
[WhiteTeam "Klub Kölner SF 3"]
[BlackTeam "SG Siebengebirge 1"]

1. e4 c5 2. c3 d5 3. exd5 Qxd5 4. d4 Nc6 5. Nf3 Nf6 6. Na3 e6 7. Be2 Qd8 8. Be3
cxd4 9. Nxd4 Bxa3 10. bxa3 O-O 11. Nxc6 bxc6 12. O-O Qa5 13. Qd6 Ba6 14. c4
Rfd8 15. Qb4 Qc7 16. Rab1 e5 17. Qa4 Bc8 18. Rfd1 Rxd1+ 19. Rxd1 h6 20. f3 Bf5
21. Bc5 Nd7 22. Bd6 Qb6+ 23. Kf1 Re8 24. Qb4 c5 25. Qd2 Qc6 26. Qd5 Qb6 27. Qd2
Nf6 28. Qe3 Nd7 29. g4 Bc2 30. Rd2 Qb1+ 31. Kf2 Ba4 32. Bxc5 e4 33. Bd3 Qh1 34.
Bxe4 Qxh2+ 35. Kf1 Qh1+ 36. Qg1 Qh3+ 37. Qg2 Qxg2+ 38. Kxg2 Nxc5 39. Bd5 g5 40.
Rb2 Nd3 41. Rb7 Nf4+ 42. Kf2 Nxd5 43. cxd5 Rd8 44. Rxa7 Bb5 45. a4 Bc4 46. a5
Rxd5 47. a6 Rd2+ 48. Ke3 Rxa2 49. Ra8+ Kg7 50. a7 Bd5 51. Rd8 Ra3+ 52. Kf2 Bxf3
53. Rd4 Bb7 54. Rd7 Rxa7 0-1

[Event "SVM_Regionalliga_2023-24"]
[Site "?"]
[Date "2023.12.10"]
[Round "5.8"]
[White "Delekat, Julian"]
[Black "Ye, Philipp"]
[Result "0-1"]
[WhiteElo "1630"]
[BlackElo "1730"]
[PlyCount "36"]
[EventDate "2023.12.10"]
[WhiteTeam "SG Siebengebirge 1"]
[BlackTeam "Klub Kölner SF 3"]

1. d4 Nf6 2. Nf3 d5 3. c4 e6 4. Nc3 Bb4 5. Qa4+ Nc6 6. Qc2 O-O 7. a3 Bxc3+ 8.
Qxc3 Ne4 9. Qd3 Na5 10. cxd5 exd5 11. Bd2 Nc4 12. b3 Ncd6 13. Bb4 Bf5 14. Qd1
Re8 15. e3 Qf6 16. Ne5 c5 17. dxc5 Qxe5 18. cxd6 Nxf2 0-1